All India Services Manual V.02 (Record no. 702736)

MARC details
000 -LEADER
fixed length control field 00313nam a2200121Ia 4500
008 - FIXED-LENGTH DATA ELEMENTS--GENERAL INFORMATION
fixed length control field 230627s9999 xx 000 0 und d
041 ## - LANGUAGE CODE
Language code of text/sound track or separate title eng
082 ## - DEWEY DECIMAL CLASSIFICATION NUMBER
Classification number 342.068
Item number SAR
100 ## - MAIN ENTRY--PERSONAL NAME
Personal name Sarkar S. C
245 ## - TITLE STATEMENT
Title All India Services Manual V.02
250 ## - EDITION STATEMENT
Edition statement 2ed.
260 ## - PUBLICATION, DISTRIBUTION, ETC.
Place of publication, distribution, etc. Allahabad
Name of publisher, distributor, etc. Dwivedi Law Publications
Date of publication, distribution, etc. 2001
Holdings
Withdrawn status Lost status Damaged status Not for loan Collection Home library Current library Shelving location Date acquired Cost, normal purchase price Total Checkouts Full call number Barcode Date last seen Price effective from Koha item type
        NLP Social Welfare New Law College, Pune New Law College, Pune NLP-Rack No-134 30/03/2000 575.00   342.068 SAR NLP-NS0187 17/07/2023 17/07/2023 Book